000 00791nam a2200265 i 4500
001 C2-0225154
003 PPAK
005 20180728153437.0
008 000524s1999 nyu |||| ||||| | eng d
020 _a0471176028
040 _aPPAK
_beng
_cPPAK
_erda
082 0 4 _a973.923092
_223
090 0 0 _a973.923092
_bUNG
_dR
100 1 _aUnger, Irwin,
_eauthor
245 1 0 _aLBJ :
_ba life
264 1 _aNew York :
_bJohn Wiley & Sons, Inc. ,
_c1999
300 _av, 586 pages ;
_c24 cm
336 _2rdacontent
_atext
337 _2rdamedia
_aunmediated
338 _2rdacarrier
_avolume
500 _aIncludes bibliographical references and index
650 1 0 _aJohnson, Lyndon B. (lyndon Baines), 1908-1973 ; Presidents-United States-Biography
700 _eauthor
942 _ddc
_cB
999 _c145894
_d145894